OPERATIONS AND SUPPLY CHAIN MANAGEMENT (Record no. 14367)

MARC details
000 -LEADER
fixed length control field 00371nam a22001577a 4500
003 - CONTROL NUMBER IDENTIFIER
control field SGT
020 ## - INTERNATIONAL STANDARD BOOK NUMBER
International Standard Book Number 978-93-392-0410-5
082 ## - DEWEY DECIMAL CLASSIFICATION NUMBER
Classification number 658.7
Item number CHA
100 ## - MAIN ENTRY--PERSONAL NAME
Personal name CHASE,RICHARD.B.
245 ## - TITLE STATEMENT
Title OPERATIONS AND SUPPLY CHAIN MANAGEMENT
250 ## - EDITION STATEMENT
Edition statement 14TH
260 ## - PUBLICATION, DISTRIBUTION, ETC. (IMPRINT)
Place of publication, distribution, etc CHENNAI
Name of publisher, distributor, etc MC-GRAW HILL
Year of Publication 2016
300 ## - PAGE DESCRIPTION
No. of Pages 934
650 ## - SUBJECT ADDED ENTRY--TOPICAL TERM
Topical term or geographic name as entry element MECHANICAL ENGINEERING
942 ## - ADDED ENTRY ELEMENTS (KOHA)
Source of classification or shelving scheme Dewey Decimal Classification
Koha item type Books
942 ## - ADDED ENTRY ELEMENTS (KOHA)
-- 3
Holdings
Withdrawn status Lost status Source of classification or shelving scheme Damaged status Use restrictions Not for loan Collection code Home library Current library Shelving location Date acquired Vendor Name Cost, normal purchase price SGTU Bill Number Full call number Accession No. (Barcode) Date last seen Bill Date Koha item type Total Checkouts Date last borrowed
    Dewey Decimal Classification   Restricted Access Not For Loan ENGINEERING SGT Engineering Library SGT Engineering Library Reference Book 04/01/2018 KIRTI PRAKASHAN (NEW DELHI ) 750.00 SGTU 1297 658.7 CHA FE6926 04/01/2018   Books    
    Dewey Decimal Classification       ENGINEERING SGT Engineering Library SGT Engineering Library Text Book 04/01/2018 KIRTI PRAKASHAN (NEW DELHI ) 750.00 SGTU 1297 658.7 CHA FE6927 20/02/2024   Books 6 20/02/2024
    Dewey Decimal Classification       ENGINEERING SGT Engineering Library SGT Engineering Library Text Book 04/01/2018 KIRTI PRAKASHAN (NEW DELHI ) 750.00 SGTU 1297 658.7 CHA FE6928 04/01/2018   Books    
    Dewey Decimal Classification       ENGINEERING SGT Engineering Library SGT Engineering Library Text Book 04/01/2018 KIRTI PRAKASHAN (NEW DELHI ) 750.00 SGTU 1297 658.7 CHA FE6929 04/01/2018   Books    
    Dewey Decimal Classification       ENGINEERING SGT Engineering Library SGT Engineering Library Text Book 04/01/2018 KIRTI PRAKASHAN (NEW DELHI ) 750.00 SGTU 1297 658.7 CHA FE6930 04/01/2018   Books